| 000 | 00713nac a22002411u 4500 | ||
|---|---|---|---|
| 003 | EG-ScBUE | ||
| 005 | 20221212101118.0 | ||
| 008 | 221212s2005 ko a f 000 0 eng d | ||
| 020 | _a8957700897(v.2) | ||
| 020 | _a8957700838 | ||
| 040 |
_aEG-ScBUE _beng _erda _cEG-ScBUE _dEG-ScBUE |
||
| 082 | 0 | 4 |
_a725.23 _222 _bIND |
| 245 | 0 | 0 |
_aIn detail 02 : _binterior design detail. |
| 264 | 1 |
_aSeoul, Korea : _bArchiworld, _c2005. |
|
| 300 |
_a175 pages : _bcolor illustrations ; _c30 cm |
||
| 505 | _av.2, Office | ||
| 546 | _aText in Korean and English. | ||
| 650 | 7 |
_aOffice layout _zKorea. _2BUEsh |
|
| 650 | 7 |
_aInterior architecture _zKorea. _2BUEsh |
|
| 653 | _bENGARC | ||
| 655 | _vReading book | ||
| 942 |
_cBB _2ddc |
||
| 999 |
_c3589 _d3589 |
||